000 00618nam a2200193Ia 4500
003 GCL
008 140319s9999 xx 000 0 ara d
040 _aGCL /
_cGCL
082 0 4 _a213
_bا م
100 1 _aابراهيم محمد الجمل
245 1 0 _aمواعظ الصحابة رضوان الله عليهم فى الدين والحياة /
_cابراهيم محمد الجمل
260 _a[S.N] :
_bيوسف شلالة ،
_c1990
300 _a197 ص
490 _a
650 0 4 _aالاسلام
650 0 4 _aالوعظ والارشاد
650 0 4 _aالصحابة والتابعون
942 _2ddc
_cBK
999 _c52645
_d52645